000 00644nam a2200241Ia 4500
003 OSt
005 20220918173123.0
006 a|||||r|||| 00| 0
007 ta
008 220917b |||||||| |||| 00| 0 eng d
024 _a5,213
037 _cTextual
040 _aARTS
_cARTS
_beng
041 _2eng
_aeng
082 _aV261120t4.M, M0
100 _aAllen B C.
_945030
245 0 _aNaga hills and Manipur
_b Socio-Economic history
260 _aDelhi
_bGian Pub
_c1985
300 _avi,245p,27tables
_ccm.
650 _aHISTORY
942 _hV261120t4.M, M0
_cTEXL
_2CC
999 _c147286
_d147286